道士下山
| 資料類型: | 圖書 | 書目號: | 47084 |
Leader xxxxxxxxxx 005 __ 20100707172834.0 010 0_ |a9789862131114|b平裝|dNT$280 020 __ |atw|b98002330 042 __ |anbic 050 __ |a002041540 100 __ |a20140616d2009 m y0chib50 e 101 0_ |achi 102 __ |atw 105 __ |ay z 000ad 200 1_ |a道士下山|f徐皓峰著 205 __ |a初版 210 __ |a臺北市|c大塊文化出版|a臺北縣[新莊市]|c大和書報總經銷|d2009.05 215 0_ |a342面|d21公分 225 1_ |aR|v24 681 __ |a857.9|b8566:5 700 _1 |a徐|b皓峰|c(中國文學, 1973-) 681 __ |a857.9|b8566 801 _0 |atw|b內湖高中|c20140616|gCCR |